000 00545nam a2200205 a 4500
001 000021315
005 20200930011307.0
008 100906s2002 sp 000 0 spa d
020 _a8474325404
040 _aDO-SdBNP
_bspa
_cBNPHU
082 _axxx
_bB812o
100 1 _aBrady, Jonh
_944542
240 1 0 _aThe craft of the screenwriter
245 1 3 _aEl oficio del guionista /
_cJonh Brady.
260 _aBarcelona :
_bGedisa,
_c2002.
300 _a262 p. ;
_c23 cm.
490 1 _aMultimedia
830 0 _aMultimedia
_944543
049 _aBNPD
999 _c20815
_d20815